Meilleurs sons de Booba - Statistiques

Statistiques générales
  • Ce quiz a été pris 1 973 fois
    960 depuis la dernière actualisation
  • Le résultat moyen est 6 sur 15
Statistiques - réponses
Rang Titres Streams % Correct
7 92i veyron 81,5M
75%
12 Scarface 64,4M
71%
5 DKR - Bonus Track 91,0M
59%
10 Petite fille 66,6M
53%
6 Validé (ft. Benash) 84,7M
53%
4 Mona Lisa (ft. JSX) 97,3M
46%
3 Madrina (ft. Maes) 112,8M
43%
2 Blanche (ft. Maes) 118,1M
40%
15 Ridin' 50,7M
40%
1 Médicament (ft. Niska) 120,7M
39%
14 Friday 50,9M
31%
11 JAUNÉ (ft. Zed) 65,3M
24%
8 Tuba Life (ft. Niska) 80,6M
19%
13 Paris c'est loin (ft. Damso) 60,9M
18%
9 Sale mood (ft. Bramsito) 80,6M
16%
Aucun quiz correspondant
Distribution des résultats
% des personnes avec chaque résultat
Percentile par nombre de réponses
Votre historique - résultats
Vous n’avez pas pris ce quiz depuis la dernière actualisation